Incorrect Flag Map Quiz #2 - Statistics

General Stats
  • This quiz has been taken 619 times
  • The average score is 30 of 40
Answer Stats
Country % Correct
Albania
98%
France
95%
Jamaica
95%
Georgia
94%
Mexico
94%
United States
93%
Germany
92%
Belgium
91%
Denmark
91%
Niger
91%
Nigeria
89%
Iraq
88%
Ireland
87%
Thailand
87%
Croatia
86%
Brazil
85%
Chile
84%
Madagascar
83%
Mali
83%
Morocco
83%
Nepal
83%
Seychelles
82%
Libya
80%
United Kingdom
80%
Mozambique
76%
Antigua and Barbuda
74%
Finland
74%
Samoa
74%
Burma
71%
Namibia
70%
Turkmenistan
63%
Sao Tome
60%
Senegal
59%
Guinea
56%
Mauritania
50%
Bhutan
44%
Ecuador
42%
Uganda
39%
San Marino
32%
Cameroon
28%
No matching quizzes found
Score Distribution
Percent of People with Each Score
Percentile by Number Answered
Your Score History
You have not taken this quiz